000 00518nam a2200157Ia 4500
008 200110s9999 xx 000 0 und d
020 _a978-0-470-22854-8
100 _aDennis, Alan
245 _cAlan Dennis, Barbara Haley Wixom, Roberta M. Roth.--
_aSystem Analysis and Design /
250 _a4th ed.
260 _aHoboken, NJ :
_bJohn Wiley & Sons Inc.
_c2009
300 _axx, 551 pages
_bcolored illustrations
_c25.5 cm.
500 _aIncludes index.
650 _a System design.
650 _aSystem analysis.
999 _c362881
_d362881